000 00614nam a22001937a 4500
005 20180821141547.0
010 _aENG-123746
020 _a9789352807246
_c575.00
035 _aEN-107278
037 _bDBAD/PUB
082 _a951
100 _aChung, Tan
245 _aChina a 5,000-year odyssey /
_cby Tan Chung
260 _aNew Delhi
_bSAGE Publications,
_c2018
270 _aB1/I-1 Mohan Cooperative Industrial Area, Mathura Road
_bNew Delhi
_e110044
300 _axxi, 287p.
_c22cm(pbk).
500 _aIt includes conclusion, appendix and about the author
942 _2ddc
_cEN
_h951
_mCHU
999 _c156152
_d156152